00907nam a22002417a 4500003000400000005001700004008004100021010001300062020002800075035001300103037001800116040001700134082001700151100002900168245007500197260004600272270005200318300004800370505009200418650007200510650004400582650003900626OSt20170124110313.0160907b xxu||||| |||| 00| 0 eng d aB-041099 a8176461520(set)c600.00 aB-041099 bCen Lib / Ret aDPLbENcTIT a863.208bCHA aChakraverty, Bishweshwar aTagore the dramatist :ba critical study /cby Bishweshwar Chakraverty aDelhibB.R. Publishing Corporation c2000 a3779, 1st Floor Kanhaiya Nagar Tri NagarbDelhi a(v 1. 264p ; v 3. 370 ; v 4. 192)c27cm(Hb) av 1. Musical Verse and Poetic Drama ; v 3. Symbolic Drama ; v 4. Nature and dance drama aTagore, Rabindranath, -- 1861-1941 -- Criticism and interpretation. aBengali drama -- History and criticism. aTagore, Rabindranath, -- 1861-1941